| 000 | 00473nam a2200193Ia 4500 | ||
|---|---|---|---|
| 005 | 20250425161053.0 | ||
| 008 | 250425s9999 xx 000 0 und d | ||
| 041 | _aeng | ||
| 082 | _a621.31921 | ||
| 100 | _aHAYT, WILLIAM H. | ||
| 245 | 0 | _aENGINEERING CIRCUIT ANALYSIS | |
| 250 | _a2ND ED. | ||
| 260 |
_aEstados Unidos _bMCGRAW-HILL _c1962 |
||
| 260 | _aNEW YORK | ||
| 300 | _a654 | ||
| 650 | _aANALISIS DE CIRCUITOS ELECTRICOS | ||
| 942 | _c01 | ||
| 010 | _a11856 | ||
| 999 |
_c201832 _d201832 |
||